01865nam a2200337Ia 4500001001200000003000800012006001900020007001500039008004100054040002100095035002100116050002400137245018500161260005600346300001500402500017700417504004100594533015200635610004300787650002000830651003000850655002900880710012700909710006001036710010301096710008001199710008801279710001701367856012601384999001701510ebr10071374CaPaEBRm u cr cn|||||||||000707s1999 dcu sb 000 0 eng d aCaPaEBRcCaPaEBR a(OCoLC)23020403814aTL797b.I578 1999eb00aInstitutional arrangements for space station researchh[electronic resource] /cTask Group to Review Alternative Institutional Arrangements for Space Station Research ... [et al.]. aWashington, D.C. :bNational Academy Press,cc1999. axvi, 82 p. a"Support for this project was provided by Contract NASW 96013 between the National Academy of Sciences and the National Aeronautics and Space Administration"--Front matter. aIncludes bibliographical references. aElectronic reproduction.bPalo Alto, Calif. :cebrary,d2009.nAvailable via World Wide Web.nAccess may be limited to ebrary affiliated libraries.20aInternational Space StationxResearch. 0aSpace stations. 0aOuter spacexExploration. 7aElectronic books.2local2 aNational Research Council (U.S.).bTask Group to Review Alternative Institutional Arrangements for Space Station Research.2 aNational Research Council (U.S.).bSpace Studies Board.2 aNational Research Council (U.S.).bCommission on Physical Sciences, Mathematics, and Applications.2 aNational Research Council (U.S.).bAeronautics and Space Engineering Board.2 aNational Research Council (U.S.).bCommission on Engineering and Technical Systems.2 aebrary, Inc.40uhttp://site.ebrary.com/lib/rucke/Doc?id=10071374zAn electronic book accessible through the World Wide Web; click to view c44042d44042